Score 0/22 Timer 02:00
0 Plays Today
Hint 4-Letter Word % Correct
ApplaudCLAP
96.7%
Looney Tunes often featured ____stick comedySLAP
95.1%
What you do on a banana peelSLIP
95.1%
Carnivores eat itMEAT
94.4%
Tall pole on a shipMAST
85.8%
One of 100, in the U. S. SenateSEAT
82.5%
Long, narrow openingSLIT
82.2%
Short-lived 70's police drama, or what you do at a flySWAT
81.3%
Recent police detective series, 'Cold ____'CASE
81%
Paper money, not plasticCASH
76.9%
**** Name of the show ****** M*A*S*H **
75.2%
Hint 4-Letter Word % Correct
In re-airings, you can still see Frosty and the Wicked Witch of the West do thisMELT
73.9%
EffortlessnessEASE
72.1%
Arnold's ____ Shop, where the Fonz hung outMALT
70.3%
NBC's 'St. ____where'ELSE
67.7%
**** Hot-lipped co-star of show ****** SWIT **
64.9%
Jessica of 'Dark Angel'ALBA
57.8%
The Clampetts, for oneCLAN
53.4%
'Born Free' lionessELSA
52.6%
Napoleon's ability-draining islandELBA
49%
**** With [last rung], star of the show ****** ALAN **
44.6%
**** With [first rung], star of the show ****** ALDA **
44%

Today's Daily Dose

Remove Ads.
Support Sporcle.
Get the best of Sporcle when you Go Orange. This ad-free experience offers more features, more stats, and more fun while also helping to support Sporcle. Thank you for becoming a member.

You're not logged in!

Compare scores with friends on all Sporcle quizzes.
OR
Log In

Show Comments

Extras

Top Quizzes Today


Score Distribution

Your Account Isn't Verified!

In order to create a playlist on Sporcle, you need to verify the email address you used during registration. Go to your Sporcle Settings to finish the process.

Report this User

Report this user for behavior that violates our Community Guidelines.

Details: